[Event "European Online Club-ch-E 2021"]
[Site "Online"]
[Date "2021.03.27"]
[Round "1.1"]
[White "Guseinov, Gadir"]
[Black "Coursaget, Nicolas"]
[Result "1-0"]
[WhiteElo "2665"]
[BlackElo "2192"]
[Annotator "RC"]
[PlyCount "117"]
[EventDate "2021.03.27"]
[EventType "team-tourn"]
[EventCountry "NET"]
[SourceTitle "playchess.com"]
[Source "ChessBase"]
[SourceQuality "1"]
[TimeControl "900+5"]

1. e4 {[%emt 0:00:00]} Nf6 {[%emt 0:00:05]} 2. Nc3 {[%emt 0:00:03]} d5 {[%emt 0:00:10]} 3. exd5 {[%emt 0:00:02]} Nxd5 {[%emt 0:00:12]} 4. Bc4 {[%emt 0:00:01]} c6 {[%emt 0:00:03]} 5. Qf3 {[%emt 0:00:04]} Nf6 {[%emt 0:00:02]} 6. h3 {[%emt 0:00:06]} g6 {[%emt 0:00:02]} 7. Nge2 {[%emt 0:00:03]} Nbd7 {[%emt 0:00:05]} 8. d4 {[%emt 0:00:03]} Bg7 {[%emt 0:00:03]} 9. O-O {[%emt 0:00:02]} O-O {[%emt 0:00:02]} 10. a4 {[%emt 0:00:07]} Nb6 {[%emt 0:00:02]} 11. Bb3 {[%emt 0:00:03]} Nbd5 {[%emt 0:00:04]} 12. Nxd5 {[%emt 0:00:09]} Nxd5 {[%emt 0:00:30]} 13. c3 {[%emt 0:00:07]} Be6 {[%emt 0:00:09]} 14. Bc2 {[%emt 0:00:04]} a5 {[%emt 0:00:25]} 15. Ng3 {[%emt 0:00:04]} Qb6 {[%emt 0:00:48]} 16. Re1 {[%emt 0:00:13]} Rad8 {[%emt 0:00:25]} 17. h4 {[%emt 0:01:11]} Nf6 {[%emt 0:00:37]} 18. b3 {[%emt 0:01:07]} Rd7 {[%emt 0:00:15]} 19. Ba3 {[%emt 0:00:08]} Qc7 {[%emt 0:00:20]} 20. Qd3 {[%emt 0:01:20]} Nd5 {[%emt 0:00:32]} 21. h5 {[%emt 0:00:15]} Nf4 {[%emt 0:00:24]} 22. Qf3 {[%emt 0:00:08]} Bd5 {[%emt 0:00:26]} 23. Be4 {[%emt 0:00:06]} Bxb3 {[%emt 0:00:23]} 24. Bc1 {[%emt 0:00:02]} Ne6 {[%emt 0:00:21]} 25. Nf5 {[%emt 0:00:26]} Bd5 {[%emt 0:02:43]} 26. Nh6+ {[%emt 0:00:05]} Bxh6 {[%emt 0:02:10]} 27. Bxh6 {[%emt 0:00:04]} Ng7 {[%emt 0:00:40]} 28. Re2 {[%emt 0:00:42]} Nxh5 {[%emt 0:00:15]} 29. Bxf8 {[%emt 0:00:07]} Kxf8 {[%emt 0:00:03]} 30. Bxd5 {[%emt 0:00:14]} cxd5 {[%emt 0:00:13]} 31. Rb1 {[%emt 0:00:08]} Nf6 {[%emt 0:00:16]} 32. Qd3 {[%emt 0:00:13]} e6 {[%emt 0:00:14]} 33. Reb2 {[%emt 0:00:06]} Qc6 {[%emt 0:00:24]} 34. Rb5 {[%emt 0:00:03]} Rc7 {[%emt 0:00:13]} 35. Rc5 {[%emt 0:00:30]} Qd7 {[%emt 0:00:02]} 36. Qb5 {[%emt 0:00:01]} Ne4 {[%emt 0:00:10]} 37. Qxd7 {[%emt 0:00:24]} Rxd7 {[%emt 0:00:05]} 38. Rxa5 {[%emt 0:00:56]} Nxc3 {[%emt 0:00:06]} 39. Rb2 {[%emt 0:00:09]} Ne4 {[%emt 0:00:10]} 40. Ra7 {[%emt 0:01:20]} Nd6 {[%emt 0:00:09]} 41. a5 {[%emt 0:00:05]} Rc7 {[%emt 0:00:32]} 42. Kh2 {[%emt 0:00:17]} Rc6 {[%emt 0:00:34]} 43. f3 {[%emt 0:00:42]} h5 {[%emt 0:00:29]} 44. Kh3 {[%emt 0:00:47]} Kg7 {[%emt 0:00:03]} 45. Rb6 {[%emt 0:00:05]} Rxb6 {[%emt 0:00:07]} 46. axb6 {[%emt 0:00:04]} Kf6 {[%emt 0:00:02]} 47. g4 {[%emt 0:00:15]} hxg4+ {[%emt 0:00:03]} 48. fxg4 {[%emt 0:00:02]} Ke7 {[%emt 0:00:02]} 49. Ra5 {[%emt 0:00:12]} Kd7 {[%emt 0:00:04]} 50. Rc5 {[%emt 0:00:03]} f6 {[%emt 0:00:55]} 51. Rc7+ {[%emt 0:00:05]} Kd8 {[%emt 0:00:02]} 52. Kg2 {[%emt 0:00:10]} e5 {[%emt 0:00:01]} 53. g5 {[%emt 0:00:02]} exd4 {[%emt 0:00:31]} 54. gxf6 {[%emt 0:00:02]} d3 {[%emt 0:00:02]} 55. f7 {[%emt 0:00:06]} Nxf7 {[%emt 0:00:25]} 56. Rxf7 {[%emt 0:00:03]} d2 {[%emt 0:00:03]} 57. Rf1 {[%emt 0:00:01]} Kd7 {[%emt 0:00:03]} 58. Rd1 {[%emt 0:00:02]} Kc6 {[%emt 0:00:02]} 59. Rxd2 {[%emt 0:00:01]} 1-0

[Event "European Online Club-ch-E 2021"]
[Site "Online"]
[Date "2021.03.27"]
[Round "1.2"]
[White "Lejeune, Gael"]
[Black "Abasov, Nijat"]
[Result "0-1"]
[WhiteElo "2070"]
[BlackElo "2664"]
[Annotator "TA"]
[PlyCount "76"]
[EventDate "2021.03.27"]
[EventType "team-tourn"]
[EventCountry "NET"]
[SourceTitle "playchess.com"]
[Source "ChessBase"]
[SourceQuality "1"]

{[%evp 10,76,-37,-69,-63,-63,-56,-97,-95,-109,-78,-50,-25,-29,-19,-25,-23,-25,-20,-62,-54,-112,-112,-108,-112,-138,-116,-161,-137,-142,-122,-135,-107,-110,-117,-116,-110,-123,-117,-161,-160,-155,-163,-157,-152,-152,-106,-104,-102,-135,-92,-95,-101,-93,-40,-58,-66,-77,-82,-183,-172,-196,-196,-239,-201,-227,-229,-1323,-1314]} 1. d4 Nf6 2. Nc3 d5 3. e4 dxe4 4. f3 exf3 5. Nxf3 Bf5 6. Bc4 e6 {D00: 1 d4 d5: Unusual lines.} 7. O-O Be7 8. Bb3 O-O {[#] Black is better.} 9. Bf4 $146 ({Predecessor:} 9. Ne5 c6 10. Be3 Nbd7 11. Nxd7 Qxd7 12. Kh1 Bd6 13. Bf4 Rad8 14. Ne2 Bxf4 15. Rxf4 {1-0 (25) Wolff,G-Kunath,E corr 1985}) 9... c5 10. d5 {[#] Black must now prevent d6.} exd5 (10... Qb6 {is more complex.} 11. Kh1 exd5 12. Nxd5 Nxd5 13. Qxd5 Be6) 11. Nxd5 {Bc7 is the strong threat.} Nxd5 12. Qxd5 Qxd5 13. Bxd5 Nc6 14. Bxc6 bxc6 15. c3 ({Better is} 15. Ne5 $15) 15... f6 $17 16. h3 Rfe8 17. g4 Bd3 18. Rf2 Rad8 19. Kg2 h6 20. Re1 Bf8 21. Rxe8 Rxe8 22. Rd2 c4 23. Nd4 a6 24. b3 g5 25. Bg3 {[#]} c5 $1 {[%cal Rc5d4]} 26. bxc4 Bxc4 ({Worse is} 26... cxd4 27. Rxd3 dxc3 28. Rxc3 $11) 27. Nf5 Be6 28. Kf3 h5 29. Ne3 hxg4+ 30. hxg4 Kf7 31. c4 Re7 (31... a5 $17 32. a4 Kg6) 32. Rb2 Rd7 33. Rb6 Rd3 {Hoping for ...Bxc4.} 34. Rxa6 (34. Kf2 $17 {is a better defense.}) 34... Bxc4 $19 35. Ra7+ Kg6 36. Ke4 Rd4+ 37. Kf3 Bd3 38. Ra8 $2 (38. Nd1) 38... Be4+ {[%mdl 64] Double Attack.  Weighted Error Value: White=0.45/Black=0.10} 0-1

[Event "European Online Club-ch-E 2021"]
[Site "Online"]
[Date "2021.03.27"]
[Round "1.3"]
[White "Durarbayli, Vasif"]
[Black "Thereze, Ludovic"]
[Result "1-0"]
[WhiteElo "2606"]
[BlackElo "2007"]
[Annotator "ChessBase"]
[PlyCount "61"]
[EventDate "2021.03.27"]
[EventType "team-tourn"]
[EventCountry "NET"]
[SourceTitle "playchess.com"]
[Source "ChessBase"]
[SourceQuality "1"]
[TimeControl "900+5"]

1. e4 {[%emt 0:00:00]} c5 {[%emt 0:00:03]} 2. Nf3 {[%emt 0:00:05]} d6 {[%emt 0:00:03]} 3. d4 {[%emt 0:00:05]} cxd4 {[%emt 0:00:02]} 4. Nxd4 {[%emt 0:00:02]} Nf6 {[%emt 0:00:01]} 5. Nc3 {[%emt 0:00:01]} Nc6 {[%emt 0:00:03]} 6. f3 {[%emt 0:00:46]} e5 {[%emt 0:00:04]} 7. Nb3 {[%emt 0:00:03]} Be7 {[%emt 0:00:14]} 8. Be3 {[%emt 0:00:12]} Be6 {[%emt 0:00:09]} 9. Qe2 {[%emt 0:01:30]} O-O {[%emt 0:00:14]} 10. O-O-O {[%emt 0:00:39]} a6 {[%emt 0:00:29]} 11. Kb1 {[%emt 0:01:45]} Rc8 {[%emt 0:00:46]} 12. Qf2 {[%emt 0:02:24]} b5 {[%emt 0:00:44]} 13. g4 {[%emt 0:00:37]} Bxb3 {[%emt 0:02:49]} 14. axb3 {[%emt 0:01:10]} Nb4 {[%emt 0:00:31]} 15. Bb6 {[%emt 0:00:44]} Qd7 {[%emt 0:00:40]} 16. h4 {[%emt 0:00:15]} Nxc2 {[%emt 0:00:32]} 17. Qxc2 {[%emt 0:02:37]} b4 {[%emt 0:00:04]} 18. g5 {[%emt 0:00:01]} Nh5 {[%emt 0:00:27]} 19. Bh3 {[%emt 0:00:02]} Qc6 {[%emt 0:00:07]} 20. Bxc8 {[%emt 0:00:05]} Rxc8 {[%emt 0:00:06]} 21. Rc1 {[%emt 0:00:15]} Qb7 {[%emt 0:02:13]} 22. Nd5 {[%emt 0:01:07]} Rxc2 {[%emt 0:00:11]} 23. Rxc2 {[%emt 0:00:02]} Bf8 {[%emt 0:00:39]} 24. Rc7 {[%emt 0:00:16]} Qb8 {[%emt 0:00:09]} 25. Rhc1 {[%emt 0:00:02]} Qe8 {[%emt 0:00:28]} 26. Rc8 {[%emt 0:00:48]} Qe6 {[%emt 0:00:16]} 27. Rd8 {[%emt 0:00:13]} Nf4 {[%emt 0:00:26]} 28. Rcc8 {[%emt 0:00:08]} Ng6 {[%emt 0:00:20]} 29. h5 {[%emt 0:00:05]} Qh3 {[%emt 0:00:02]} 30. hxg6 {[%emt 0:00:02]} Qf1+ {[%emt 0:00:06]} 31. Ka2 {[%emt 0:00:02]} 1-0

[Event "European Online Club-ch-E 2021"]
[Site "Online"]
[Date "2021.03.27"]
[Round "1.4"]
[White "Marchadour, Emilie"]
[Black "Safarli, Eltaj"]
[Result "0-1"]
[WhiteElo "2006"]
[BlackElo "2598"]
[Annotator "ChessBase"]
[PlyCount "66"]
[EventDate "2021.03.27"]
[EventType "team-tourn"]
[EventCountry "NET"]
[SourceTitle "playchess.com"]
[Source "ChessBase"]
[SourceQuality "1"]
[TimeControl "900+5"]

1. e4 {[%emt 0:00:00]} c5 {[%emt 0:00:08]} 2. Nf3 {[%emt 0:00:03]} Nc6 {[%emt 0:00:01]} 3. d4 {[%emt 0:00:02]} cxd4 {[%emt 0:00:02]} 4. Nxd4 {[%emt 0:00:02]} Nf6 {[%emt 0:00:02]} 5. Nc3 {[%emt 0:00:06]} e6 {[%emt 0:00:01]} 6. Nxc6 {[%emt 0:00:10]} bxc6 {[%emt 0:00:02]} 7. e5 {[%emt 0:00:01]} Nd5 {[%emt 0:00:02]} 8. Ne4 {[%emt 0:00:16]} Bb7 {[%emt 0:00:01]} 9. c4 {[%emt 0:00:06]} Nb4 {[%emt 0:00:03]} 10. a3 {[%emt 0:00:41]} c5 {[%emt 0:00:04]} 11. Nd6+ {[%emt 0:00:24]} Bxd6 {[%emt 0:00:02]} 12. exd6 {[%emt 0:00:02]} Nc6 {[%emt 0:00:02]} 13. Qg4 {[%emt 0:00:08]} O-O {[%emt 0:00:40]} 14. Bd3 {[%emt 0:00:33]} f5 {[%emt 0:00:40]} 15. Qg3 {[%emt 0:00:12]} e5 {[%emt 0:00:39]} 16. O-O {[%emt 0:00:27]} e4 {[%emt 0:00:24]} 17. Bc2 {[%emt 0:00:30]} Nd4 {[%emt 0:00:11]} 18. Bd1 {[%emt 0:00:17]} Qf6 {[%emt 0:00:16]} 19. Bg5 {[%emt 0:00:33]} Qe6 {[%emt 0:00:13]} 20. Be7 {[%emt 0:00:11]} Rf7 {[%emt 0:01:13]} 21. b4 {[%emt 0:01:14]} f4 {[%emt 0:02:10]} 22. Qg4 {[%emt 0:00:29]} Rf5 {[%emt 0:00:21]} 23. Ba4 {[%emt 0:01:39]} f3 {[%emt 0:00:19]} 24. g3 {[%emt 0:01:09]} h5 {[%emt 0:01:19]} 25. Qh3 {[%emt 0:00:06]} e3 {[%emt 0:00:11]} 26. Rae1 {[%emt 0:00:47]} exf2+ {[%emt 0:00:27]} 27. Kxf2 {[%emt 0:00:07]} Qe2+ {[%emt 0:00:11]} 28. Rxe2 {[%emt 0:00:38]} fxe2+ {[%emt 0:00:03]} 29. Ke1 {[%emt 0:00:07]} exf1=Q+ {[%emt 0:00:09]} 30. Qxf1 {[%emt 0:00:18]} Rxf1+ {[%emt 0:00:03]} 31. Kxf1 {[%emt 0:00:04]} cxb4 {[%emt 0:00:04]} 32. axb4 {[%emt 0:00:09]} a5 {[%emt 0:00:09]} 33. b5 {[%emt 0:00:06]} Ne6 {[%emt 0:00:02]} 0-1

[Event "European Online Club-ch-E 2021"]
[Site "Online"]
[Date "2021.03.27"]
[Round "1.5"]
[White "Oparin, Grigoriy"]
[Black "Ozturk Orenli, Kubra"]
[Result "1-0"]
[WhiteElo "2652"]
[BlackElo "2330"]
[Annotator "TA"]
[PlyCount "69"]
[EventDate "2021.03.27"]
[EventType "team-tourn"]
[EventCountry "NET"]
[SourceTitle "playchess.com"]
[Source "ChessBase"]
[SourceQuality "1"]

{[%evp 32,69,25,20,23,24,19,24,26,27,25,23,25,18,25,23,75,71,95,72,156,169,223,173,185,159,156,166,166,89,95,92,90,86,564,561,1727,1638,2555,2319]} 1. e4 e5 2. Nf3 Nc6 3. Bb5 a6 4. Ba4 Nf6 5. O-O Be7 6. Re1 b5 7. Bb3 d6 8. c3 O-O 9. h3 Nb8 10. d4 Nbd7 11. Nbd2 {[%cal Bb1d2,Bd2f1,Bf1g3][%mdl 32]} Bb7 12. Bc2 Re8 13. Nf1 Bf8 14. Ng3 g6 15. a4 Bg7 16. Bg5 h6 17. Bd2 Nb6 {17...c5 is not played anymore. C95: Closed Ruy Lopez: Breyer Variation with 10 d4.} 18. Qc1 Kh7 19. axb5 axb5 {White has an edge.} 20. Rxa8 Qxa8 21. b3 exd4 22. cxd4 c5 23. d5 {[#]} Nfd7 $146 (23... Qd8 $11) ({Predecessor:} 23... b4 24. Bf4 Qd8 25. Bd3 Qc7 26. Bb5 Rd8 27. Bd3 Re8 28. Bb5 Rd8 29. Bd3 Re8 30. Bb5 {½-½ (30) Siigur,J (2409)-Unen,J (2479) ICCF email 2018}) 24. h4 b4 25. h5 Qa3 (25... Qd8 $142) 26. Qd1 c4 (26... Qb2 {was worth a try.}) 27. hxg6+ $18 fxg6 28. e5 {Bxg6+! is the strong threat.} Bxd5 {[%cal Rc4b3] [#]} 29. Bxg6+ $1 {[%mdl 512]} Kxg6 {[#]} 30. Qc2+ (30. Qb1+ $1 $18 Kf7 {[#]} 31. Bxh6 $1 Nxe5 32. Ng5+ Ke7 33. Bxg7) 30... Kf7 $16 {[%cal Rd7e5]} 31. Qf5+ Kg8 {Strongly threatening ...Qa7.} 32. e6 Ne5 {[%mdl 8192]} ({Avoid the trap} 32... Nf6 $2 33. Nh5 $18) (32... Bxe6 $16 {is a better chance.} 33. Rxe6 Rxe6 34. Qxe6+ {[%mdl 64] Double Attack} Kh7) 33. Nxe5 $18 {White wants to mate with Qf7+.White is clearly winning.} Bxe6 34. Qg6 {[%mdl 64] Double Attack} Re7 35. Nc6 {[%mdl 64] Double Attack.  Weighted Error Value: White=0.06/Black=0.65} 1-0

[Event "European Online Club-ch-E 2021"]
[Site "Online"]
[Date "2021.03.27"]
[Round "1.6"]
[White "Caglar, Sila"]
[Black "Moussard, Jules"]
[Result "0-1"]
[WhiteElo "2250"]
[BlackElo "2635"]
[Annotator "ChessBase"]
[PlyCount "50"]
[EventDate "2021.03.27"]
[EventType "team-tourn"]
[EventCountry "NET"]
[SourceTitle "playchess.com"]
[Source "ChessBase"]
[SourceQuality "1"]
[TimeControl "900+5"]

1. e4 {[%emt 0:00:00]} g6 {[%emt 0:00:09]} 2. d3 {[%emt 0:00:11]} Bg7 {[%emt 0:00:02]} 3. Nf3 {[%emt 0:00:04]} c5 {[%emt 0:00:05]} 4. g3 {[%emt 0:00:03]} Nc6 {[%emt 0:00:01]} 5. Bg2 {[%emt 0:00:01]} d6 {[%emt 0:00:02]} 6. O-O {[%emt 0:00:02]} Nf6 {[%emt 0:00:01]} 7. Nbd2 {[%emt 0:00:25]} O-O {[%emt 0:00:02]} 8. Re1 {[%emt 0:00:13]} e5 {[%emt 0:00:09]} 9. Nc4 {[%emt 0:00:45]} h6 {[%emt 0:01:16]} 10. a4 {[%emt 0:00:08]} Re8 {[%emt 0:00:35]} 11. h3 {[%emt 0:01:09]} Rb8 {[%emt 0:00:11]} 12. Be3 {[%emt 0:00:29]} b6 {[%emt 0:00:12]} 13. Qd2 {[%emt 0:04:27]} Kh7 {[%emt 0:00:03]} 14. c3 {[%emt 0:00:35]} Bb7 {[%emt 0:00:46]} 15. b4 {[%emt 0:01:31]} cxb4 {[%emt 0:00:58]} 16. cxb4 {[%emt 0:00:03]} d5 {[%emt 0:00:26]} 17. exd5 {[%emt 0:00:07]} Nxd5 {[%emt 0:00:03]} 18. b5 {[%emt 0:01:43]} Ncb4 {[%emt 0:00:03]} 19. d4 {[%emt 0:02:18]} Nd3 {[%emt 0:05:04]} 20. Qxd3 {[%emt 0:01:28]} e4 {[%emt 0:00:01]} 21. Ng5+ {[%emt 0:00:51]} hxg5 {[%emt 0:00:05]} 22. Bxe4 {[%emt 0:00:07]} Rxe4 {[%emt 0:00:07]} 23. Qxe4 {[%emt 0:00:02]} Nxe3 {[%emt 0:00:01]} 24. Qxe3 {[%emt 0:00:08]} Qd5 {[%emt 0:00:01]} 25. f3 {[%emt 0:00:02]} Bxd4 {[%emt 0:00:04]} 0-1

[Event "European Online Club-ch-E 2021"]
[Site "Online"]
[Date "2021.03.27"]
[Round "1.7"]
[White "Gozzoli, Yannick"]
[Black "Kocyigit, Buse Naz"]
[Result "1-0"]
[WhiteElo "2600"]
[BlackElo "2143"]
[Annotator "ChessBase"]
[PlyCount "93"]
[EventDate "2021.03.27"]
[EventType "team-tourn"]
[EventCountry "NET"]
[SourceTitle "playchess.com"]
[Source "ChessBase"]
[SourceQuality "1"]
[TimeControl "900+5"]

1. d4 {[%emt 0:00:00]} Nf6 {[%emt 0:00:07]} 2. Nf3 {[%emt 0:00:03]} g6 {[%emt 0:00:08]} 3. Bg5 {[%emt 0:00:14]} Bg7 {[%emt 0:00:04]} 4. c3 {[%emt 0:00:02]} O-O {[%emt 0:00:28]} 5. Nbd2 {[%emt 0:00:03]} d5 {[%emt 0:00:44]} 6. e3 {[%emt 0:00:04]} c5 {[%emt 0:00:24]} 7. Be2 {[%emt 0:00:06]} Qb6 {[%emt 0:00:34]} 8. Qb3 {[%emt 0:00:08]} Nc6 {[%emt 0:01:34]} 9. O-O {[%emt 0:00:54]} Bf5 {[%emt 0:01:33]} 10. Rfe1 {[%emt 0:02:47]} Rfd8 {[%emt 0:00:30]} 11. dxc5 {[%emt 0:00:46]} Qxc5 {[%emt 0:00:32]} 12. Nd4 {[%emt 0:00:02]} Bd7 {[%emt 0:01:46]} 13. Bf4 {[%emt 0:02:31]} Re8 {[%emt 0:00:55]} 14. Nxc6 {[%emt 0:00:26]} Bxc6 {[%emt 0:01:20]} 15. Be5 {[%emt 0:00:03]} Ne4 {[%emt 0:00:34]} 16. Nxe4 {[%emt 0:00:02]} dxe4 {[%emt 0:00:04]} 17. Bxg7 {[%emt 0:00:03]} Kxg7 {[%emt 0:00:04]} 18. Red1 {[%emt 0:00:03]} Rad8 {[%emt 0:00:07]} 19. a3 {[%emt 0:00:11]} e5 {[%emt 0:01:04]} 20. Rxd8 {[%emt 0:00:33]} Rxd8 {[%emt 0:00:03]} 21. Rd1 {[%emt 0:00:02]} Rxd1+ {[%emt 0:00:14]} 22. Qxd1 {[%emt 0:00:01]} Bb5 {[%emt 0:00:26]} 23. c4 {[%emt 0:00:15]} Be8 {[%emt 0:01:14]} 24. b4 {[%emt 0:00:07]} Qc7 {[%emt 0:00:11]} 25. Kf1 {[%emt 0:01:02]} a5 {[%emt 0:00:46]} 26. c5 {[%emt 0:00:55]} b6 {[%emt 0:00:29]} 27. Qd5 {[%emt 0:01:55]} axb4 {[%emt 0:00:35]} 28. axb4 {[%emt 0:00:07]} bxc5 {[%emt 0:00:05]} 29. Qxc5 {[%emt 0:00:05]} Qxc5 {[%emt 0:00:34]} 30. bxc5 {[%emt 0:00:02]} Kf8 {[%emt 0:00:02]} 31. Ke1 {[%emt 0:00:02]} Ke7 {[%emt 0:00:02]} 32. Kd2 {[%emt 0:00:02]} Kd8 {[%emt 0:00:16]} 33. Kc3 {[%emt 0:00:06]} Kc7 {[%emt 0:00:01]} 34. Bc4 {[%emt 0:00:02]} f5 {[%emt 0:00:13]} 35. Be6 {[%emt 0:00:13]} Ba4 {[%emt 0:00:07]} 36. Bg8 {[%emt 0:00:07]} h6 {[%emt 0:00:02]} 37. Bf7 {[%emt 0:00:01]} g5 {[%emt 0:00:02]} 38. Be6 {[%emt 0:00:01]} f4 {[%emt 0:00:04]} 39. Bd5 {[%emt 0:00:08]} Bc6 {[%emt 0:00:09]} 40. Bxc6 {[%emt 0:00:08]} Kxc6 {[%emt 0:00:01]} 41. Kc4 {[%emt 0:00:01]} g4 {[%emt 0:00:02]} 42. g3 {[%emt 0:00:02]} h5 {[%emt 0:00:08]} 43. Kb4 {[%emt 0:00:02]} Kc7 {[%emt 0:00:11]} 44. Kb5 {[%emt 0:00:02]} Kb7 {[%emt 0:00:03]} 45. c6+ {[%emt 0:00:02]} Kc7 {[%emt 0:00:02]} 46. Kc5 {[%emt 0:00:01]} f3 {[%emt 0:00:11]} 47. Kd5 {[%emt 0:00:03]} 1-0

[Event "European Online Club-ch-E 2021"]
[Site "Online"]
[Date "2021.03.27"]
[Round "1.8"]
[White "Ince, Safiye Oyku"]
[Black "Cornette, Matthieu"]
[Result "0-1"]
[WhiteElo "1995"]
[BlackElo "2555"]
[Annotator "ChessBase"]
[PlyCount "70"]
[EventDate "2021.03.27"]
[EventType "team-tourn"]
[EventCountry "NET"]
[SourceTitle "playchess.com"]
[Source "ChessBase"]
[SourceQuality "1"]
[TimeControl "900+5"]

1. e4 {[%emt 0:00:00]} c5 {[%emt 0:00:04]} 2. Nf3 {[%emt 0:00:07]} Nc6 {[%emt 0:00:03]} 3. c3 {[%emt 0:00:03]} d5 {[%emt 0:00:38]} 4. exd5 {[%emt 0:00:04]} Qxd5 {[%emt 0:00:00]} 5. Na3 {[%emt 0:00:03]} Bg4 {[%emt 0:00:51]} 6. Be2 {[%emt 0:00:30]} e5 {[%emt 0:00:15]} 7. d3 {[%emt 0:02:43]} O-O-O {[%emt 0:00:16]} 8. O-O {[%emt 0:00:17]} f5 {[%emt 0:00:48]} 9. h3 {[%emt 0:01:20]} Bh5 {[%emt 0:00:22]} 10. Be3 {[%emt 0:03:05]} Nf6 {[%emt 0:01:13]} 11. Re1 {[%emt 0:01:11]} Be7 {[%emt 0:01:53]} 12. Qa4 {[%emt 0:01:07]} f4 {[%emt 0:00:53]} 13. Bd2 {[%emt 0:01:23]} g5 {[%emt 0:00:13]} 14. b4 {[%emt 0:00:33]} cxb4 {[%emt 0:00:51]} 15. cxb4 {[%emt 0:00:07]} Kb8 {[%emt 0:00:13]} 16. b5 {[%emt 0:01:01]} Nd4 {[%emt 0:00:04]} 17. Nxd4 {[%emt 0:00:20]} Qxd4 {[%emt 0:00:04]} 18. Qxd4 {[%emt 0:00:05]} Rxd4 {[%emt 0:00:00]} 19. Nc2 {[%emt 0:00:45]} Rd5 {[%emt 0:00:26]} 20. Bxh5 {[%emt 0:00:07]} Nxh5 {[%emt 0:00:00]} 21. Bc3 {[%emt 0:00:01]} Bf6 {[%emt 0:00:24]} 22. a4 {[%emt 0:00:45]} Rc5 {[%emt 0:00:30]} 23. Ra3 {[%emt 0:01:03]} Rhc8 {[%emt 0:00:04]} 24. Bxe5+ {[%emt 0:00:06]} Rxe5 {[%emt 0:00:08]} 25. Rxe5 {[%emt 0:00:02]} Bxe5 {[%emt 0:00:00]} 26. Ra2 {[%emt 0:00:03]} Nf6 {[%emt 0:00:06]} 27. a5 {[%emt 0:00:05]} Nd5 {[%emt 0:00:05]} 28. d4 {[%emt 0:00:04]} Nc3 {[%emt 0:00:14]} 29. Rb2 {[%emt 0:00:02]} Ne2+ {[%emt 0:00:04]} 30. Kf1 {[%emt 0:00:02]} Nxd4 {[%emt 0:00:02]} 31. Nxd4 {[%emt 0:00:02]} Bxd4 {[%emt 0:00:00]} 32. Rd2 {[%emt 0:00:05]} Bc3 {[%emt 0:00:32]} 33. Rd7 {[%emt 0:00:06]} Bxa5 {[%emt 0:00:05]} 34. Rxh7 {[%emt 0:00:03]} Rc5 {[%emt 0:00:02]} 35. Rh8+ {[%emt 0:00:04]} Kc7 {[%emt 0:00:01]} 0-1

[Event "European Online Club-ch-E 2021"]
[Site "Online"]
[Date "2021.03.27"]
[Round "1.9"]
[White "Roiz, Michael"]
[Black "Pavlidis, Antonios"]
[Result "1/2-1/2"]
[WhiteElo "2579"]
[BlackElo "2536"]
[Annotator "ChessBase"]
[PlyCount "48"]
[EventDate "2021.03.27"]
[EventType "team-tourn"]
[EventCountry "NET"]
[SourceTitle "playchess.com"]
[Source "ChessBase"]
[SourceQuality "1"]
[TimeControl "900+5"]

1. Nf3 {[%emt 0:00:00]} c5 {[%emt 0:00:04]} 2. c4 {[%emt 0:00:15]} Nc6 {[%emt 0:00:04]} 3. Nc3 {[%emt 0:01:00]} e5 {[%emt 0:00:05]} 4. e3 {[%emt 0:01:17]} Nf6 {[%emt 0:00:04]} 5. Be2 {[%emt 0:00:07]} d5 {[%emt 0:00:06]} 6. d4 {[%emt 0:00:02]} exd4 {[%emt 0:00:21]} 7. exd4 {[%emt 0:00:03]} cxd4 {[%emt 0:00:01]} 8. Nxd4 {[%emt 0:00:03]} dxc4 {[%emt 0:00:02]} 9. Nxc6 {[%emt 0:00:38]} Qxd1+ {[%emt 0:00:03]} 10. Nxd1 {[%emt 0:00:03]} bxc6 {[%emt 0:00:02]} 11. Bxc4 {[%emt 0:00:52]} Bb4+ {[%emt 0:00:03]} 12. Bd2 {[%emt 0:01:00]} Bxd2+ {[%emt 0:00:03]} 13. Kxd2 {[%emt 0:00:01]} Ne4+ {[%emt 0:00:02]} 14. Kc1 {[%emt 0:01:52]} Bf5 {[%emt 0:00:04]} 15. f3 {[%emt 0:01:11]} Nd6 {[%emt 0:00:04]} 16. Re1+ {[%emt 0:01:15]} Kd7 {[%emt 0:00:04]} 17. Bf1 {[%emt 0:00:02]} a5 {[%emt 0:02:31]} 18. Ne3 {[%emt 0:01:37]} Rhe8 {[%emt 0:00:18]} 19. Kd2 {[%emt 0:00:17]} Be6 {[%emt 0:00:03]} 20. Kc3 {[%emt 0:01:55]} Nb5+ {[%emt 0:00:06]} 21. Kc2 {[%emt 0:00:24]} Nd4+ {[%emt 0:00:02]} 22. Kc3 {[%emt 0:00:02]} Nb5+ {[%emt 0:00:02]} 23. Kc2 {[%emt 0:00:03]} Nd4+ {[%emt 0:00:01]} 24. Kc3 {[%emt 0:00:02]} Nb5+ {[%emt 0:00:03]} 1/2-1/2